Cestovný ruch jeho pojmové určenie, členenie a zatriedenie
Enregistré dans:
| Format: | Livre |
|---|---|
| Langue: | slovaque |
| Publié: |
Liptovský Svätý Mikuláš
Slovtour
1950
|
| Tags: |
Pas de tags, Soyez le premier à ajouter un tag!
|
MARC
| LEADER | 00000nam a2200000 4500 | ||
|---|---|---|---|
| 001 | 0308439 | ||
| 005 | 20250505092519.4 | ||
| 041 | 0 | |a slo | |
| 044 | |a SK | ||
| 245 | 1 | 0 | |a Cestovný ruch |b jeho pojmové určenie, členenie a zatriedenie |c Bořivoj Václav Černý |
| 264 | 1 | |a Liptovský Svätý Mikuláš |b Slovtour |c 1950 | |